Propheten im Islam - Statistiken

Allgemein
  • Dieses Quiz wurde 63 mal gespielt
  • Das Durchschnittsergebnis liegt bei 6 aus 15
Antwortstatistiken
Frage Antwort % Korrekt
Wer ist der Messias? Isa
72%
Wer ist das Siegel aller Propheten? Muhammad
70%
Welcher Prophet wurde von einem Wal verschlungen? Yunus
70%
Von wem verwandelte sich der Stock zu einer Schlange? Musa
68%
Welcher Prophet wurde zu einem homosexuellen Volk entsandt? Lut
56%
Wer wurde ins offene Feuer geschmissen? Ibrahim
52%
Wer spaltete den Mond in 2 Hälften? Muhammad
44%
Wer tötete versehentlich einen Menschen? Musa
44%
Welcher Prophet wurde von seinen Brüdern in einem Brunnen geworfen? Yusuf
42%
Wer ist der Bruder vom Propheten Musa? Harun
36%
Welcher Prophet machte 950 Jahre lang Dawah? Nuh
32%
Welcher Prophet starb im 4. Himmel? Idris
22%
Wer war der Sohn vom Propheten Dawud? Sulaiman
14%
Wer erblindete aus Trauer? Yaqub
8%
Welcher Prophet wurde besonders mit seiner Geduld geprüft? Ayyoub
6%
Keine übereinstimmenden Quizze gefunden
Verteilung der Resultate
Anzahl Personen mit jedem Resultat
Perzentil nach korrekt beantworteten Fragen
Ihre Resultats-Entwicklung
Sie haben dieses Quiz noch nicht gespielt